اسلام اور تعمير شخصّيت (Record no. 109611)

MARC details
000 -LEADER
fixed length control field 00885nam a22002537a 4500
005 - DATE AND TIME OF LATEST TRANSACTION
control field 20170123162357.0
010 ## - LIBRARY OF CONGRESS CONTROL NUMBER
LC control number B-098285
020 ## - INTERNATIONAL STANDARD BOOK NUMBER
Terms of availability 120.00
035 ## - SYSTEM CONTROL NUMBER
System control number B-098285
037 ## - SOURCE OF ACQUISITION
Source of stock number/acquisition Cen Lib/Ret
040 ## - CATALOGING SOURCE
Original cataloging agency DPL
Language of cataloging UR
082 ## - DEWEY DECIMAL CLASSIFICATION NUMBER
Classification number 270
Edition number ع ب د
100 ## - MAIN ENTRY--PERSONAL NAME
Personal name عبد الرّشيد
9 (RLIN) 108592
245 ## - TITLE STATEMENT
Title اسلام اور تعمير شخصّيت
Statement of responsibility, etc عبد الرّشيد
246 ## - VARYING FORM OF TITLE
Title proper/short title ISLAM AUR TAMEER-E-SHAKHSIYAT /
Remainder of title by Abdul Rasheed
260 ## - PUBLICATION, DISTRIBUTION, ETC. (IMPRINT)
Place of publication, distribution, etc نئ دہلی
Name of publisher, distributor, etc مکتبہ الحسنات
Date of publication, distribution, etc 2004
270 ## - ADDRESS
Address 2241، کوجہ چيلان
City دہلی
Postal code 110006
300 ## - PHYSICAL DESCRIPTION
Extent 302ص
Dimensions 20cm(Hb)
650 ## - SUBJECT ADDED ENTRY--TOPICAL TERM
Topical term or geographic name as entry element اردو ادب
Form subdivision
9 (RLIN) 143472
650 ## - SUBJECT ADDED ENTRY--TOPICAL TERM
Topical term or geographic name as entry element اردو -- رومانوی زبانوں کے ادب
9 (RLIN) 135016
650 ## - SUBJECT ADDED ENTRY--TOPICAL TERM
Topical term or geographic name as entry element Urdu literature
9 (RLIN) 143473
650 ## - SUBJECT ADDED ENTRY--TOPICAL TERM
Topical term or geographic name as entry element Literatures of Romance languages
9 (RLIN) 135018
942 ## - ADDED ENTRY ELEMENTS (KOHA)
Source of classification or shelving scheme Dewey Decimal Classification
Koha item type Urdu Bks
Classification part 270.41
Call number suffix ع ب د
Holdings
Withdrawn status Lost status Damaged status Not for loan Home library Current library Date acquired Source of acquisition Cost, normal purchase price Total Checkouts Full call number Barcode Date last seen Price effective from Koha item type
        Central Library Central Library 12/04/2016 DPL 120.00   270.41 ع ب د B-098285 12/04/2016 12/04/2016 Urdu Bks

© Delhi Public Library
Hit Counter
free hit counter